000 00675nam a22001577a 4500
003 OSt
005 20150913155830.0
008 150913b xxu||||| |||| 00| 0 eng d
040 _cRUA
082 _aAGR KER 1996 B016 Or.1
100 _9407
_aKER, MONTHIVUTH.
245 _aThe use of pesticides of farmers on vegetable crops in arears around phnom penh ការប្រើប្រាស់ថ្នាំពុលកសិកម្ម របស់កសិករលើដាំណាំបន្លែ នៅតំបន់ជុំវិញទីក្រុងភ្នំពេញ
260 _aPhnom Penh
_bRUA
_c1996
300 _a105p.
_bill.
_c29cm.
942 _2ddc
_cAGR
999 _c386
_d386